| 000 | 00523nam a2200181Ia 4500 | ||
|---|---|---|---|
| 008 | 240925s9999 xx 000 0 und d | ||
| 020 | _a9788130930824 | ||
| 082 | _a371.3344678 HUG | ||
| 100 | _aHuggett, Cindy | ||
| 245 | 4 | _aThe Virtual Training GuideBook: how to design, deliver, and implement live online learning | |
| 250 | _aNA | ||
| 260 |
_aNew Delhi: _bViva Books _c,2015. |
||
| 300 |
_a416p. _b0 _fOriginal |
||
| 500 | _aIncludes Index | ||
| 600 | _aSocial Sciences | ||
| 650 | _aSocial Sciences | ||
| 942 | _cBK | ||
| 999 |
_c16084 _d16084 |
||